000 00812nam a22002297a 4500
005 2010092300390.0
008 100923t xxu||||| |||| 00| 0 eng d
010 _aENG-101537
020 _c125.00
035 _aEN-85070
037 _bDBAD/PUB
040 _adpl
_bEnglish
082 _a638.1
100 _921271
_aRawat, B.S.
245 _aR.N. Muttoo and his notes for bee bieginners/
_cby B.S. Rawat
260 _aNainital,(Uttarakhand)
_bRawat Apiaries (Himalayas)
_c(201?)
270 _aSheeshmahal, Kthgodam
_bNainital,(U.K.)
_e263126
300 _a95p.
_c22cm (pbk)
700 _921369
942 _2ddc
_cEN
_mRAW
_h638.1
999 _c47645
_d47645